Location based information prediction in deep sea communication (Record no. 4896)
[ view plain ]
| 000 -LEADER | |
|---|---|
| fixed length control field | 00529nam a22001697a 4500 |
| 003 - CONTROL NUMBER IDENTIFIER | |
| control field | OSt |
| 005 - DATE AND TIME OF LATEST TRANSACTION | |
| control field | 20220107122807.0 |
| 008 - FIXED-LENGTH DATA ELEMENTS--GENERAL INFORMATION | |
| fixed length control field | 151125b xxu||||| |||| 00| 0 eng d |
| 040 ## - CATALOGING SOURCE | |
| Transcribing agency | |
| 100 ## - MAIN ENTRY--PERSONAL NAME | |
| Personal name | Retsy Ann Roy (93514011) |
| 9 (RLIN) | 8135 |
| 245 ## - TITLE STATEMENT | |
| Title | Location based information prediction in deep sea communication |
| 500 ## - GENERAL NOTE | |
| General note | Mini Project Report, Mphill CS |
| 502 ## - DISSERTATION NOTE | |
| Degree type | Mphill. Computer Science |
| Name of granting institution | 2014-2015 |
| Year degree granted | INT |
| -- | Elizabeth Sherly |
| 650 ## - SUBJECT ADDED ENTRY--TOPICAL TERM | |
| Topical term or geographic name entry element | COMPUTING METHODOLOGIES |
| 9 (RLIN) | 8136 |
| 650 ## - SUBJECT ADDED ENTRY--TOPICAL TERM | |
| Topical term or geographic name entry element | MACHINE LEARNING |
| 9 (RLIN) | 8137 |
| 942 ## - ADDED ENTRY ELEMENTS (KOHA) | |
| Source of classification or shelving scheme | Dewey Decimal Classification |
| Koha item type | |
| Withdrawn status | Lost status | Source of classification or shelving scheme | Damaged status | Not for loan | Home library | Current library | Date acquired | Total Checkouts | Barcode | Date last seen | Price effective from | Koha item type |
|---|---|---|---|---|---|---|---|---|---|---|---|---|
| Dewey Decimal Classification | IIITM-K | Kerala University of Digital Sciences, Innovation and Technology Knowledge Centre | 25/11/2015 | R-617 | 25/11/2015 | 25/11/2015 | Project Reports |